|
|
|
|
| LEADER |
00000nam0a2200000 4500 |
| 001 |
15597 |
| 005 |
20231030190254.0 |
| 010 |
|
|
|a 5020273791
|
| 035 |
|
|
|a (RuTPU)RU\TPU\book\15709
|
| 035 |
|
|
|a BOOK00000397
|
| 090 |
|
|
|a 15597
|
| 100 |
|
|
|a 20011209d1993 km y0rusy50 ca
|
| 101 |
0 |
|
|a rus
|
| 102 |
|
|
|a RU
|
| 105 |
|
|
|a y z 000zy
|
| 200 |
1 |
|
|a Символика молодежной субкультуры
|e Опыт этнографического исследования системы 1986-1989 гг.
|f Т. Б. Щепанская
|
| 210 |
|
|
|a СПб.
|c Наука
|d 1993
|
| 215 |
|
|
|a 342 с.
|
| 610 |
1 |
|
|a социология
|
| 610 |
1 |
|
|a этнография
|
| 610 |
1 |
|
|a социальная структура
|
| 610 |
1 |
|
|a молодежь
|
| 610 |
1 |
|
|a молодежное движение
|
| 610 |
1 |
|
|a символика
|
| 610 |
1 |
|
|a молодежный андеграунд
|
| 610 |
1 |
|
|a молодежная субкультура
|
| 686 |
|
|
|a С55.32
|v LBC/SL-A
|2 rubbk
|
| 686 |
|
|
|a Т52(2)
|v LBC/SL-A
|2 rubbk
|
| 700 |
|
1 |
|a Щепанская
|b Т. Б.
|g Татьяна Борисовна
|
| 801 |
|
0 |
|a RU
|b 63413507
|c 20011209
|g PSBO
|
| 801 |
|
2 |
|a RU
|b 63413507
|c 20220408
|g PSBO
|
| 942 |
|
|
|c BK
|